Loteamento Urbano (Registro nro. 165689)
[ vista simple ]
| 000 -LEADER | |
|---|---|
| fixed length control field | 01483nam a22002537a 4500 |
| 007 - PHYSICAL DESCRIPTION FIXED FIELD--GENERAL INFORMATION | |
| fixed length control field | cr|||| |||| |
| 008 - FIXED-LENGTH DATA ELEMENTS--GENERAL INFORMATION | |
| fixed length control field | 180306s2016 br |||||s|||| 00||0 por d |
| 020 ## - INTERNATIONAL STANDARD BOOK NUMBER | |
| International Standard Book Number | 978-85-7789-105-4 |
| 035 ## - | |
| -- | 21020 |
| 040 ## - CATALOGING SOURCE | |
| Original cataloging agency | vLex |
| 090 ## - | |
| -- | 7450 |
| -- | 7450 |
| 100 1# - MAIN ENTRY--PERSONAL NAME | |
| Personal name | da Silva, Edson Jacinto |
| 245 10 - TITLE STATEMENT | |
| Title | Loteamento Urbano |
| Medium | [Recurso electrónico] : |
| Remainder of title | Doutrina e prática / |
| Statement of responsibility, etc | Edson Jacinto da Silva |
| 256 ## - | |
| -- | Servicio en línea |
| 260 ## - PUBLICATION, DISTRIBUTION, ETC. (IMPRINT) | |
| Place of publication, distribution, etc | San Pablo: |
| Name of publisher, distributor, etc | JH Mizuno, |
| Date of publication, distribution, etc | 2016 |
| 300 ## - PHYSICAL DESCRIPTION | |
| Extent | 1 recurso electrónico |
| 500 ## - GENERAL NOTE | |
| General note | Esta obra jurídica aborda todos os pontos pertinentes ao Loteamento Urbano atual. É consagrada aos profissionais que, tanto nas prefeituras como nas atividades liberais, trabalham com projetos de loteamentos e parcelamentos do solo urbano. Nela se encontram todas as ações e exigências legais para a sua concretização - reunindo ainda todos os critérios necessários para projetar, aprovar e registrar um loteamento urbano. |
| 506 1# - RESTRICTIONS ON ACCESS NOTE | |
| Terms governing access | Disponible solo en los productos indicados |
| Authorized users | vLex Global |
| -- | vLex Global (Academic Edition, excluding Law Schools) |
| -- | vLex Global (U.S. Academic Edition, Law Schools) |
| -- | vLex Global (U.S. Academic Edition, excluding Law Schools) |
| -- | vLex Global (Academic Edition, Law Schools) |
| 650 04 - SUBJECT ADDED ENTRY--TOPICAL TERM | |
| Topical term or geographic name as entry element | Derecho Público y Administrativo |
| Geographic subdivision | Brasil |
| 740 0# - | |
| -- | vLex Libros (Servicio en línea) |
| 856 40 - LOCALIZACIÓN Y ACCESO ELECTRÓNICO | |
| Identificador Uniforme del Recurso (URI/URL) | https://app.vlex.com/#/sources/loteamento-urbano-doutrina-e-pratica-21020 |
| 942 ## - | |
| -- | RAA |
| 999 ## - | |
| -- | 165689 |
| -- | 165689 |
No hay ítems disponibles.